000 01127nab a22002297a 4500
999 _c5568
_d5568
003 OSt
005 20251218104604.0
008 190429b xxu||||| |||| 00| 0 spa d
040 _cPJ
100 _96546
_aCueto, A. Mauricio
245 1 3 _aEl nuevo art. 139 bis del Código Penal. El delito de sustracción y/o comercialización de menores. Otras reformas /
_cA. Mauricio Cueto.
260 _cCiudad Autónoma de Buenos Aires :
_aThomson Reuters La Ley,
_b2025.
300 _ap. 5-8
500 _aCita: TR LALEY AR/DOC/721/2025.
505 _aSumario: I. Introducción.— II. El art. 139 bis, primer párrafo.— III. El art. 139 bis, segundo párrafo.— IV. El art. 139 ter, primer párrafo.— V. El art. 139 ter, segundo párrafo.
505 _tSi te interesa el texto completo, solicitalo a koha@justierradelfuego.gov.ar
650 0 _9343
_aDERECHO PENAL
650 0 _92480
_aCODIGO PENAL
650 0 _94752
_aSUSTRACCION DE MENORES
773 0 _02658
_93164
_tRevista de derecho penal y criminología. Nº 4 - Mayo 2025
_dCiudad Autónoma de Buenos Aires : Thomson Reuters La Ley, 2017-
_x00347914
942 _2udc
_cANA